Normal view MARC view

Entry Topical Term

Number of records used in: 1

001 - CONTROL NUMBER

  • control field: 20949

003 - CONTROL NUMBER IDENTIFIER

  • control field: dpl

005 - DATE AND TIME OF LATEST TRANSACTION

  • control field: 20100921140827.0

008 - FIXED-LENGTH DATA ELEMENTS

  • fixed length control field: 100921|||a|||||| | ||| d

040 ## - CATALOGING SOURCE

  • Original cataloging agency: dpl
  • Transcribing agency: dpl

150 ## - HEADING--TOPICAL TERM

  • Topical term or geographic name as entry element: बंगाली कथा साहित्य
  • General subdivision: हिन्दी में अनुदित

670 ## - SOURCE DATA FOUND

  • Source citation: Work cat.: (dpl)27830: चट्टोपाध्याय, बंकिमचन्द्र 20947, राजसिंह /, 2008

670 ## - SOURCE DATA FOUND

  • Source citation: Work cat.: (dpl)27830: चट्टोपाध्याय, बंकिमचन्द्र 20947, राजसिंह /, 2008

© Delhi Public Library
Hit Counter
free hit counter